000
00355nam a2200145Ia 4500
008
191206s9999 xx 000 0 und d
020
_a
0070389616 :
090
_a
HG221.L882
245
0
_a
Money and banking
250
_a
3rd ed.
260
_a
McGraw-Hill
260
_c
cc1984
300
_a
"xvii, 584 p. : ill. ; 25 cm."
999
_c
16512
_d
16512